|
|
|
|
| LEADER |
00000nam0a2200000 4500 |
| 001 |
248034 |
| 005 |
20231101232342.0 |
| 035 |
|
|
|a (RuTPU)RU\TPU\book\269692
|
| 090 |
|
|
|a 248034
|
| 100 |
|
|
|a 20140117d1988 k y0rusy50 ca
|
| 101 |
0 |
|
|a rus
|
| 102 |
|
|
|a RU
|
| 105 |
|
|
|a a z 001zy
|
| 200 |
1 |
|
|a Повышение качества и долговечности лакокрасочных покрытий
|e материалы семинара
|f Московский Дом научно-технической пропаганды ; под ред. М. И. Карякина
|
| 210 |
|
|
|a Москва
|d 1988
|
| 215 |
|
|
|a 113 с.
|c ил.
|
| 320 |
|
|
|a Библиогр. в конце ст.
|
| 606 |
1 |
|
|a Лакокрасочное производство
|2 stltpush
|3 (RuTPU)RU\TPU\subj\34923
|9 56746
|
| 610 |
1 |
|
|a лакокрасочные покрытия
|
| 610 |
1 |
|
|a долговечность
|
| 610 |
1 |
|
|a качество
|
| 610 |
1 |
|
|a пленкообразующие материалы
|
| 610 |
1 |
|
|a эпоксидные смолы
|
| 675 |
|
|
|a 667
|v 3
|
| 702 |
|
1 |
|a Карякин
|b М. И.
|4 340
|
| 712 |
0 |
2 |
|a Московский Дом научно-технической пропаганды
|2 stltpush
|3 (RuTPU)RU\TPU\col\7885
|9 24405
|
| 801 |
|
1 |
|a RU
|b 63413507
|c 20140117
|
| 801 |
|
2 |
|a RU
|b 63413507
|c 20140120
|g RCR
|
| 942 |
|
|
|c BK
|